000 00507nam a22001697a 4500
005 20250704141727.0
010 _aENG-145644
020 _c500.00
_a9788121513555
035 _aEN-129176
037 _bDBAD
082 _a181.49
245 _aThe Essence of Supreme Reality/
_cMoti Lal Pandit
260 _aNew Delhi
_b Munshiram Manharlal Pvt. Ltd.
_c2021
270 _a54 Ram Jhansi Road, New Delhi
_bNew Delhi
_e110055
300 _a173p.
_c22.2cm(hb)
942 _2ddc
_cEN
_h181.49
_mThe
999 _c212089
_d212089